=LDR 00000nam 2200000 4500 =001 INLIS000000000053106 =005 20180329124239 =035 ##$$a 0010-0318000333 =007 ta =008 180329###########################0###### =020 ##$$a 978-979-092-627-1 =020 ##$$a 978-979-092-642-0 =082 ##$$a 540.71 =084 ##$$a 540.71 RIA p =100 #$$a Rian Hidayat =245 1#$$a Panduan belajar kimia /$c Rian Hidayat =260 ##$$a Jakarta :$b Yudistira,$c 2015 =300 ##$$a 2 jilid : $b ilus ; $c 21 cm =650 ##$$a Kimia-study dan pengajaran =700 #$$a Itoh Khitutol Hayati =504 ##$$a Yang diterima : jilid 3A dan 3B =990 ##$$a 68296829 =990 ##$$a 68296829 =990 ##$$a 68296829 =990 ##$$a 68296829 =990 ##$$a 68296829 =990 ##$$a 68296829 =990 ##$$a 68296829 =990 ##$$a 68296829 =990 ##$$a 21711107 =990 ##$$a 01201806829 =990 ##$$a 01201806830 =990 ##$$a 01201806831 =990 ##$$a 01201806832 =990 ##$$a 01201806833 =990 ##$$a 01201806834 =990 ##$$a 01201806835 =990 ##$$a 21711108 =990 ##$$a 01201806829 =990 ##$$a 01201806830 =990 ##$$a 01201806831 =990 ##$$a 01201806832 =990 ##$$a 01201806833 =990 ##$$a 01201806834 =990 ##$$a 21711107 =990 ##$$a 21711109 =990 ##$$a 01201806829 =990 ##$$a 01201806830 =990 ##$$a 01201806831 =990 ##$$a 01201806832 =990 ##$$a 01201806833 =990 ##$$a 21711108 =990 ##$$a 21711107 =990 ##$$a 21711110 =990 ##$$a 01201806829 =990 ##$$a 01201806830 =990 ##$$a 01201806831 =990 ##$$a 01201806832 =990 ##$$a 21711109 =990 ##$$a 21711108 =990 ##$$a 21711107 =990 ##$$a 21711111 =990 ##$$a 01201806829 =990 ##$$a 01201806830 =990 ##$$a 01201806831 =990 ##$$a 21711110 =990 ##$$a 21711109 =990 ##$$a 21711108 =990 ##$$a 21711107 =990 ##$$a 21711112 =990 ##$$a 01201806829 =990 ##$$a 01201806830 =990 ##$$a 21711111 =990 ##$$a 21711110 =990 ##$$a 21711109 =990 ##$$a 21711108 =990 ##$$a 21711107 =990 ##$$a 21711113 =990 ##$$a 01201806829 =990 ##$$a 21711112 =990 ##$$a 21711111 =990 ##$$a 21711110 =990 ##$$a 21711109 =990 ##$$a 21711108 =990 ##$$a 21711107 =990 ##$$a 21711114 =990 ##$$a 21711113 =990 ##$$a 21711112 =990 ##$$a 21711111 =990 ##$$a 21711110 =990 ##$$a 21711109 =990 ##$$a 21711108 =990 ##$$a 21711107